| 000 | 004280000a22001570004500 | ||
|---|---|---|---|
| 020 | _a0 521 06057 5 | ||
| 060 | _a100 | ||
| 082 | _a582.130 12 REN.02 | ||
| 100 | _aRendle, Alfred barton | ||
| 245 | _aClassification of flowering plants: vol.2 dicotyledons | ||
| 260 | _aCambridge, Cambridge University Press | ||
| 260 | _c1975 | ||
| 300 | _a640 | ||
| 650 | _aFlowering plants-classification/dicotyledons | ||
| 942 | _cBK | ||
| 999 |
_c357074 _d357074 |
||